Nghiên cứu đề xuất giải pháp sử dụng hệ thống BMWP viet để đánh giá chất lượng nước sông Túy Loan - Cầu Đỏ - TP Đà Nẵng
Tổng quan tài liệu: Tình hình nghiên cứu về hệ thống BMWP viet đánh giá chất lượng nước trên thế giới... Đối tượng và phương pháp nghiên cứu. Kết quả và biện luận.
Bewaard in:
| Hoofdauteur: | |
|---|---|
| Andere auteurs: | |
| Formaat: | Boek |
| Taal: | Vietnamese |
| Gepubliceerd in: |
Đà Nẵng
Đại học Sư phạm
2010
|
| Onderwerpen: | |
| Tags: |
Voeg label toe
Geen labels, Wees de eerste die dit record labelt!
|
| Thư viện lưu trữ: | Mạng thư viện Đại học Đà Nẵng |
|---|
| LEADER | 01597nam a2200349 4500 | ||
|---|---|---|---|
| 001 | 000012499 | ||
| 003 | 8802 | ||
| 005 | 20120221090236.0 | ||
| 008 | 120221s2010 viesd | ||
| 041 | |a vie | ||
| 072 | |a Khóa luận tốt nghiệp | ||
| 082 | |a 553.7072 |b ĐA-A | ||
| 100 | |a Đàm, Minh Anh |e Tác giả | ||
| 245 | |a Nghiên cứu đề xuất giải pháp sử dụng hệ thống BMWP viet để đánh giá chất lượng nước sông Túy Loan - Cầu Đỏ - TP Đà Nẵng |c Đàm Minh Anh | ||
| 260 | |a Đà Nẵng |b Đại học Sư phạm |c 2010 | ||
| 300 | |a 40 tr. |b Hình ảnh |c 29 cm | ||
| 500 | |a Khóa luận tốt nghiệp khoa Sinh - Môi trường | ||
| 520 | |a Tổng quan tài liệu: Tình hình nghiên cứu về hệ thống BMWP viet đánh giá chất lượng nước trên thế giới... Đối tượng và phương pháp nghiên cứu. Kết quả và biện luận. | ||
| 653 | |a Hệ thống BMWP viet | ||
| 653 | |a Chất lượng nước | ||
| 653 | |a Sông Túy Loan - Cầu Đỏ - TP Đà Nẵng | ||
| 700 | |a Phạm Thị Hồng Hà |c T.S |e Hướng dẫn | ||
| OWN | |a LSP | ||
| AVA | |a UDN50 |b LSP |d 553.7072 ĐA-A |e available |t Error 5001 Not defined in file expand_doc_bib_avail. |f 1 |g 0 |h N |i 0 |k 1 | ||
| 999 | |a From the UDN01 | ||
| AVA | |a UDN50 |b LSP |d 553.7072 ĐA-A |e available |t Error 5001 Not defined in file expand_doc_bib_avail. |f 1 |g 0 |h N |i 0 |k 1 | ||
| TYP | |a Monograph | ||
| TYP | |a Printed language | ||
| 980 | |a Mạng thư viện Đại học Đà Nẵng | ||